[Event "Finistere-chT 0102"]
[Site "Finistere"]
[Date "2002.03.02"]
[Round "5.13"]
[White "Pronost, Dominique"]
[Black "Benard, Serge"]
[Result "0-1"]
[WhiteElo "1420"]
[BlackElo "1440"]
[PlyCount "56"]
[EventDate "2001.??.??"]
[EventType "team"]
[EventRounds "7"]
[EventCountry "FRA"]
[SourceTitle "EXT 2003"]
[Source "ChessBase"]
[SourceDate "2002.11.25"]
[SourceVersion "1"]
[SourceVersionDate "2002.11.25"]
[SourceQuality "1"]

1. e4 e5 2. Bc4 Nf6 3. d4 Nxe4 4. dxe5 Qe7 5. Qd5 Nd6 6. Nf3 Nxc4 7. Qxc4 d6 8. 0-0 Be6 9. Qb5+ c6 10. exd6 cxb5 11. dxe7 Bxe7 12. Re1 Nc6 13. Nc3 a6 14. Bf4 0-0 15. Ng5 Nd4 16. Nxe6 fxe6 17. Re4 Bc5 18. Rc1 b4 19. Na4 Rxf4 20. Rxf4 Ne2+ 21. Kf1 Nxc1 22. Nxc5 Rd8 23. Re4 Rc8 24. Nxe6 Rxc2 25. Rxb4 Nd3 26. Rxb7 Rxf2+ 27. Kg1 Re2 28. Rd7 Re1# 0-1

[Event "FRA-chT4 Ligue Bretagne 0102"]
[Site "Bretagne"]
[Date "2002.02.03"]
[Round "5"]
[White "Pronost, Dominique"]
[Black "Drean, Philippe"]
[Result "0-1"]
[WhiteElo "1420"]
[BlackElo "1720"]
[PlyCount "40"]
[EventDate "2001.10.??"]
[EventType "team"]
[EventRounds "7"]
[EventCountry "FRA"]
[SourceTitle "EXT 2008"]
[Source "ChessBase"]
[SourceDate "2007.11.25"]
[SourceVersion "1"]
[SourceVersionDate "2007.11.25"]
[SourceQuality "1"]

1. e4 c5 2. Nf3 Nc6 3. d4 cxd4 4. Nxd4 Nf6 5. Nc3 e5 6. Ndb5 d6 7. Bg5 a6 8. Na3 b5 9. Naxb5 axb5 10. Bxb5 Bb7 11. Bxf6 gxf6 12. Qd5 Qc7 13. Qc4 Rc8 14. Nd5 Qd8 15. Nb4 Qd7 16. Nd5 Qe6 17. a4 Bg7 18. b4 0-0 19. a5 Nd4 20. Nc7 Qxc4 0-1

[Event "Finistere-chT 0102"]
[Site "Finistere"]
[Date "2002.01.26"]
[Round "4.10"]
[White "Pronost, Dominique"]
[Black "Entem, Alan"]
[Result "0-1"]
[WhiteElo "1420"]
[BlackElo "1490"]
[PlyCount "62"]
[EventDate "2001.??.??"]
[EventType "team"]
[EventRounds "7"]
[EventCountry "FRA"]
[SourceTitle "EXT 2003"]
[Source "ChessBase"]
[SourceDate "2002.11.25"]
[SourceVersion "1"]
[SourceVersionDate "2002.11.25"]
[SourceQuality "1"]

1. e4 e6 2. Nc3 d5 3. exd5 exd5 4. d4 c6 5. Nf3 Bd6 6. Bd3 Bg4 7. Be3 Nf6 8. Qe2 0-0 9. h3 Bh5 10. g4 Bg6 11. Nh4 Re8 12. 0-0-0 Ne4 13. Nxe4 dxe4 14. Nxg6 exd3 15. Qxd3 fxg6 16. h4 Qf6 17. Qb3+ Qf7 18. Qd3 Qxa2 19. h5 Qa1+ 20. Kd2 Qa5+ 21. Kc1 Qb5 22. Qd2 Qd5 23. Qd3 Qf7 24. Rdg1 Re6 25. hxg6 Qxg6 26. Qb3 Qf7 27. Qd3 g6 28. Kb1 Na6 29. d5 cxd5 30. Qxd5 Rd8 31. Bh6 Re1+ 0-1